Դիվիզիայի հրամանատար Աթոյան : (Record no. 120099)
[ view plain ]
| 000 -LEADER | |
|---|---|
| fixed length control field | 00881nam a2200217 a 4500 |
| 001 - CONTROL NUMBER | |
| control field | 000322810 |
| 003 - CONTROL NUMBER IDENTIFIER | |
| control field | AM-YeHGA |
| 005 - DATE AND TIME OF LATEST TRANSACTION | |
| control field | 20250618072035.0 |
| 008 - FIXED-LENGTH DATA ELEMENTS--GENERAL INFORMATION | |
| fixed length control field | 040330s1973 ai 000 | arm d |
| 040 ## - CATALOGING SOURCE | |
| Original cataloging agency | AM-YeHGA |
| 041 0# - LANGUAGE CODE | |
| Language code of text/sound track or separate title | arm |
| 090 ## - LOCALLY ASSIGNED LC-TYPE CALL NUMBER (OCLC); LOCAL CALL NUMBER (RLIN) | |
| -- | 121450 |
| 100 1# - MAIN ENTRY--PERSONAL NAME | |
| Personal name | Օգանեզով, Գրիգոր Հովհաննեսի |
| 245 10 - TITLE STATEMENT | |
| Title | Դիվիզիայի հրամանատար Աթոյան : |
| Remainder of title | [Կյանքն ու գործունեությունը] / |
| Statement of responsibility, etc. | Գ.Հ. Օգանեզով; Խմբ.՝ Ս.Գ. Մարգարյան. |
| 260 ## - PUBLICATION, DISTRIBUTION, ETC. | |
| Place of publication, distribution, etc. | Երևան : |
| Name of publisher, distributor, etc. | Հայաստան, |
| Date of publication, distribution, etc. | 1973. |
| 300 ## - PHYSICAL DESCRIPTION | |
| Extent | 121 էջ : |
| Other physical details | 1 թ. դիմանկ. ; |
| Dimensions | 16 սմ. |
| 600 14 - SUBJECT ADDED ENTRY--PERSONAL NAME | |
| Personal name | Աթոյան, Հակոբ Թադևոսի |
| 9 (RLIN) | 5905 |
| 650 14 - SUBJECT ADDED ENTRY--TOPICAL TERM | |
| Topical term or geographic name entry element | Հայ ժողովրդի պատմություն |
| 650 14 - SUBJECT ADDED ENTRY--TOPICAL TERM | |
| Topical term or geographic name entry element | Քաղաքացիական պատերազմ |
| Geographic subdivision | Հայաստան |
| 700 1# - ADDED ENTRY--PERSONAL NAME | |
| Personal name | Մարգարյան, Ս.Գ. |
| Relator term | խմբ. |
| Relationship | edt |
| Withdrawn status | Lost status | Damaged status | Not for loan | Collection | Home library | Current library | Date acquired | Total checkouts | Full call number | Barcode | Date last seen | Cost, replacement price | Price effective from | Koha item type | Public note |
|---|---|---|---|---|---|---|---|---|---|---|---|---|---|---|---|
| General | Fundamental Scientific Library | Fundamental Scientific Library | 22/12/2016 | AI/12944 | FL0051895 | 22/12/2016 | 14.00 | 22/12/2016 | Գրքեր / Books | 30 Days Loan |
ՀՀ Գիտությունների ազգային ակադեմիայի հիմնարար գիտական գրադարան = Fundamental Scientific Library of NAS RA
All site content, except where otherwise noted, is licensed under a